[Event "CLUB NUMERO UNO"]
[Site "SchemingMind.com"]
[Date "2008.05.29"]
[Round "-"]
[White "JOZIN Z BAZIN"]
[Black "CenturyBugs"]
[Result "0-1"]
[WhiteCountry "POL"]
[BlackCountry "ENG"]
[WhiteElo "1544"]
[WhiteRD "60"]
[BlackElo "2077"]
[BlackRD "67"]
[GameID "156644"]

1. Nf3 d5 2. d3 Nf6 3. Bg5 Bf5 4. g3 c6 5. Bg2 Qb6 6. Bxf6 exf6 7. b3 Bc5 8. O-O O-O 9. d4 Bd6 10. Nc3 Re8
11. e3 h6 12. Nh4 Bh7 13. Qd2 Qa5 14. Nb1 Qxd2 15. Nxd2 Bxc2 16. Rac1 Bd3 17. Ndf3 Bxf1 18. Kxf1 Ba3 19. Rc2 Na6 20. Nf5 Nb4
21. Rd2 Re6 22. g4 Rae8 23. h4 Kh7 24. h5 g6
0-1

[Event "CLUB NUMERO UNO"]
[Site "SchemingMind.com"]
[Date "2008.06.03"]
[Round "-"]
[White "jp781"]
[Black "CenturyBugs"]
[Result "0-1"]
[WhiteCountry "USA"]
[BlackCountry "ENG"]
[WhiteElo "1874"]
[WhiteRD "77"]
[BlackElo "2047"]
[BlackRD "67"]
[GameID "157188"]

1. d4 d5 2. c4 c6 3. Nf3 e6 4. Nc3 dxc4 5. Bg5 Be7 6. Bxe7 Nxe7 7. e4 b5 8. a4 Ba6 9. axb5 cxb5 10. b4 Qd6
11. Qb1 Nec6 12. Rxa6 Nxa6 13. Nxb5 Qf4 14. Bxc4 Naxb4 15. O-O O-O 16. e5 a5 17. Nc7 Ra7 18. Nb5 Rd7 19. Rd1 Ra8 20. Nd6 a4
21. Bb5 a3 22. Bxc6 Nxc6 23. Qa2 Rda7 24. Nb5 Ra5 25. Nd6 Rd5 26. Qa1 a2 27. Rd2 Nxe5 28. dxe5 Rxd2 29. Nxd2 Qxd2 30. Nc4 Qd4
31. Qxd4 a1=Q+ 32. Qxa1 Rxa1#
0-1

[Event "CLUB NUMERO UNO"]
[Site "SchemingMind.com"]
[Date "2008.06.02"]
[Round "-"]
[White "CenturyBugs"]
[Black "jp781"]
[Result "1-0"]
[WhiteCountry "ENG"]
[BlackCountry "USA"]
[WhiteElo "2047"]
[WhiteRD "67"]
[BlackElo "1874"]
[BlackRD "77"]
[GameID "157190"]

1. c4 Nf6 2. Nc3 e5 3. Nf3 e4 4. Ng5 b5 5. d3 exd3 6. cxb5 h6 7. Nf3 dxe2 8. Bxe2 Bc5 9. O-O Bb7 10. Bf4 O-O
11. Na4 Be7 12. Rc1 c6 13. Nc5 Bxc5 14. Rxc5 Ne4 15. Rc1 cxb5 16. Bxb5 a6 17. Be2 Nc6 18. Qb3 Rb8 19. Bxb8 Qxb8 20. Bd3 Re8
21. Rfe1 Na5 22. Qa4 Bc6 23. Qxa5 Qxb2 24. Rc2 Qf6 25. Qxa6 Ra8 26. Rxe4 Qd8 27. Qc4 Bxe4 28. Bxe4 Rb8 29. Nd2 Qe8 30. g3 Kh8
31. Qd4 f6 32. Rc7 Rd8 33. Qd5 d6 34. Nc4 Qf8 35. Nxd6 Rb8 36. Qf5
1-0

[Event "CLUB NUMERO UNO"]
[Site "SchemingMind.com"]
[Date "2008.06.07"]
[Round "-"]
[White "smothered mate"]
[Black "jp781"]
[Result "0-1"]
[WhiteCountry "POL"]
[BlackCountry "USA"]
[WhiteElo "1877"]
[WhiteRD "53"]
[BlackElo "1874"]
[BlackRD "77"]
[GameID "157522"]

1. d4 Nf6 2. c4 g6 3. Nc3 Bg7 4. Nf3 O-O 5. e4 d6 6. Be2 e5 7. d5 a5 8. O-O Na6 9. Ne1 Nc5 10. f3 c6
11. a3 Qb6 12. Kh1 a4 13. Be3 Qxb2 14. Bxc5 dxc5 15. Qc1 Qxc1 16. Rxc1 Bd7 17. Nd3 Bh6 18. Rb1 Bd2 19. Nd1 cxd5 20. Nxe5 d4
21. Rxb7 Be6 22. Bd3 Bc1 23. f4 Bxa3 24. f5 Bc8 25. Rb6 Nd7 26. Nxd7 Bxd7 27. Nf2 Bb4 28. Ra1 a3 29. Ra2 Ba4
0-1

[Event "CLUB NUMERO UNO"]
[Site "SchemingMind.com"]
[Date "2008.06.03"]
[Round "-"]
[White "smothered mate"]
[Black "CenturyBugs"]
[Result "0-1"]
[WhiteCountry "POL"]
[BlackCountry "ENG"]
[WhiteElo "1926"]
[WhiteRD "48"]
[BlackElo "2088"]
[BlackRD "67"]
[GameID "157523"]

1. d4 Nf6 2. c4 e6 3. a3 d5 4. Nc3 Be7 5. Nf3 O-O 6. e3 Nc6 7. Bd3 dxc4 8. Bxc4 Na5 9. Bd3 Nd5 10. O-O Nxc3
11. bxc3 Qd6 12. a4 Qd5 13. c4 Qh5 14. Qc2 f5 15. e4 Nc6 16. Bd2 Qg4 17. d5 Nb4 18. Bxb4 Bxb4 19. Ne5 Qf4 20. Qb2 Bc5
21. Qb5 Bd6 22. g3 Qxe5 23. c5 Be7 24. f4 Qd4+ 25. Kg2 fxe4
0-1

[Event "CLUB NUMERO UNO"]
[Site "SchemingMind.com"]
[Date "2008.06.05"]
[Round "-"]
[White "smothered mate"]
[Black "JOZIN Z BAZIN"]
[Result "1-0"]
[WhiteCountry "POL"]
[BlackCountry "POL"]
[WhiteElo "1933"]
[WhiteRD "52"]
[BlackElo "1544"]
[BlackRD "60"]
[GameID "157524"]

1. d4 g6 2. c4 b6 3. Nc3 Bg7 4. e3 a6 5. a3 Nf6 6. Qf3 c6 7. b4 Bb7 8. Bb2 Qc7 9. c5 b5 10. Bd3 d5
11. Qe2 Nbd7 12. Nf3 O-O-O 13. a4 e5 14. dxe5 Nxe5 15. Nxe5 Qxe5 16. Nxb5 Qg5 17. Nd6+ Rxd6 18. cxd6 Rd8 19. O-O Rxd6 20. Bxa6 Rd7
21. Bxb7+ Kxb7 22. f4 Qf5 23. b5 Bf8 24. bxc6+ Kxc6 25. Be5 Rb7 26. Qa6+ Rb6 27. Rac1+ Bc5 28. Rxc5+ Kd7 29. Rc7+
1-0

[Event "CLUB NUMERO UNO"]
[Site "SchemingMind.com"]
[Date "2008.06.07"]
[Round "-"]
[White "jp781"]
[Black "smothered mate"]
[Result "0-1"]
[WhiteCountry "USA"]
[BlackCountry "POL"]
[WhiteElo "1790"]
[WhiteRD "80"]
[BlackElo "1886"]
[BlackRD "52"]
[GameID "157525"]

1. e4 c5 2. Nf3 d6 3. d4 cxd4 4. Nxd4 Nf6 5. Nc3 g6 6. Be3 Bg7 7. f3 O-O 8. Qd2 Nc6 9. O-O-O d5 10. exd5 Nxd5
11. Nxc6 bxc6 12. Nxd5 cxd5 13. Qxd5 Qc7 14. Qc5 Qb7 15. Qa3 Bf5 16. c3 a5 17. Bc4 Rfc8 18. Bd5 Qc7 19. Bxa8 Rxa8 20. g4 Be6
21. Kb1 Rb8 22. Ka1 a4 23. h4 Qc4 24. Bd4 Bf8 25. Bc5 Bg7 26. Bxe7 Bd5 27. Rhf1 Qe2 28. Rde1 Qc2 29. f4 Rxb2 30. Qxb2 Bxc3
31. Ba3 Bxb2+ 32. Bxb2 Kf8 33. Rc1 Qg2 34. Rfe1 Qxg4 35. Re5 Be6 36. Ba3+ Kg7 37. Bb2 Kh6 38. Re4 a3 39. Bxa3 Qg2 40. Bf8+ Kh5
41. Re5+ Kxh4 42. Be7+ Kh3 43. Ra5 Qd2 44. Ra3+ Kg2 45. Rb1 Qd4+ 46. Rb2+ Kh1 47. Bg5 Bf5 48. Rb3 Bc2 49. Rb4 Qc3 50. Rb7 h5
51. Re7 Kg1 52. Bh4 Qd4 53. Re1+ Kg2 54. a3 Kh3 55. Bg5 Qc3 56. Ka2 Qxe1 57. Rxc2 f6 58. Bh6 Qe6+ 59. Kb2 Qg8 60. f5 g5
61. a4 Qh8 62. Bxg5 fxg5+ 63. Kb3 g4 64. a5 g3
0-1

[Event "CLUB NUMERO UNO"]
[Site "SchemingMind.com"]
[Date "2008.06.03"]
[Round "-"]
[White "CenturyBugs"]
[Black "smothered mate"]
[Result "1-0"]
[WhiteCountry "ENG"]
[BlackCountry "POL"]
[WhiteElo "2088"]
[WhiteRD "67"]
[BlackElo "1926"]
[BlackRD "48"]
[GameID "157526"]

1. e4 c5 2. Nf3 d6 3. Bb5+ Bd7 4. Bxd7+ Qxd7 5. O-O Nc6 6. d4 cxd4 7. Nxd4 Nf6 8. Nc3 g6 9. Bg5 Bg7 10. Nxc6 bxc6
11. f3 O-O 12. Qd2 Rfb8 13. b3 Nh5 14. Rad1 c5 15. Nd5 Re8 16. Qa5 Bd4+ 17. Kh1 h6 18. Bxh6 Kh7 19. Bd2 Rh8 20. Be3 Be5
21. Qc7 Qxc7 22. Nxc7 Rac8 23. Nd5 e6 24. g4 exd5 25. gxh5 Kg8 26. f4 d4 27. Bc1 Bg7 28. hxg6 fxg6 29. Rg1 Kf7 30. Rg2 Rh3
31. Rd3 Rch8 32. Rxh3 Rxh3 33. Rg3 Rxg3 34. hxg3 Ke6 35. Kg2 d5 36. e5 g5 37. Kf3 Kf5 38. g4+ Ke6 39. f5+ Kxe5 40. Bxg5 c4
41. Bf4+ Kf6 42. bxc4 dxc4 43. Ke4 Kf7 44. g5 a5 45. a4
1-0

[Event "CLUB NUMERO UNO"]
[Site "SchemingMind.com"]
[Date "2008.06.06"]
[Round "-"]
[White "JOZIN Z BAZIN"]
[Black "smothered mate"]
[Result "0-1"]
[WhiteCountry "POL"]
[BlackCountry "POL"]
[WhiteElo "1544"]
[WhiteRD "60"]
[BlackElo "1933"]
[BlackRD "52"]
[GameID "157527"]

1. e4 c5 2. Bc4 e6 3. Nf3 d5 4. Bb5+ Bd7 5. Bxd7+ Qxd7 6. Ne5 Qd6 7. Nxf7 Kxf7 8. Qf3+ Nf6 9. Nc3 Nc6 10. O-O Ne5
11. Qf4 g5 12. Qg3 a6 13. f4 Ned7 14. e5 Qb6 15. exf6 gxf4 16. Rxf4 c4+ 17. Kh1 Rg8 18. Qh4 h6 19. d4 Bd6 20. Qh5+ Rg6
21. Rg4 Rg8 22. Rxg6 Rxg6 23. Ne2 Nxf6 24. Qf3 Kg7 25. b3 e5 26. Be3 e4 27. Qf5 Qc7 28. Nf4 Bxf4 29. Bxf4 Qd7
0-1

[Event "CLUB NUMERO UNO"]
[Site "SchemingMind.com"]
[Date "2008.06.07"]
[Round "-"]
[White "megapixel"]
[Black "jp781"]
[Result "1-0"]
[WhiteCountry "ENG"]
[BlackCountry "USA"]
[WhiteElo "1926"]
[WhiteRD "75"]
[BlackElo "1826"]
[BlackRD "79"]
[GameID "157534"]

1. Nf3 c5 2. c4 Nc6 3. d4 cxd4 4. Nxd4 Nf6 5. g3 e5 6. Nb5 Bc5 7. Nd6+ Bxd6 8. Qxd6 Qe7 9. Qxe7+ Nxe7 10. Bg2 O-O
11. Bg5 Nf5 12. Nc3 Nd4 13. O-O Ne8 14. Be7 d6 15. e3 Nc6 16. Bxf8 Kxf8 17. Rfd1 Be6 18. b3 Rc8 19. Rd2 a6 20. Nd5 b5
21. cxb5 axb5 22. a4 Na5 23. Rb2 Rc5 24. b4 Nc4 25. bxc5 Nxb2 26. axb5
1-0

[Event "CLUB NUMERO UNO"]
[Site "SchemingMind.com"]
[Date "2008.06.04"]
[Round "-"]
[White "megapixel"]
[Black "smothered mate"]
[Result "0-1"]
[WhiteCountry "ENG"]
[BlackCountry "POL"]
[WhiteElo "1926"]
[WhiteRD "75"]
[BlackElo "1931"]
[BlackRD "51"]
[GameID "157535"]

1. Nf3 d5 2. c4 e6 3. g3 c5 4. b3 Nc6 5. Bg2 Nf6 6. Bb2 Be7 7. O-O O-O 8. d3 Nd7 9. Nbd2 Bf6 10. Bxf6 Qxf6
11. Qc1 b6 12. cxd5 exd5 13. e3 Bb7 14. Rd1 Rac8 15. a3 Rfd8 16. Rb1 Nde5 17. Ne1= Ba6 18. Ndf3 Nxf3+ 19. Nxf3 Ne5 20. Nxe5 Qxe5
21. Qd2 d4 22. e4 Qe7 23. a4 b5 24. axb5 Bxb5 25. Rdc1 a5 26. f4 Qa7 27. Ra1 a4 28. bxa4 Bc6 29. Rcb1 h6 30. a5 Qa6
31. Rb6 Qa8 32. Qb2 c4 33. e5= c3 34. Qc2 Bxg2 35. Qxg2 c2 36. Qd2 Rc3 37. Rb2 Rdc8 38. Rc1 Qxa5 39. Rbxc2 Qa3 40. Rxc3 Rxc3
41. Rc2 Rxd3 42. Rc8+ Kh7 43. Qc2 g6 44. f5 Rc3 45. fxg6+ Kg7 46. Rxc3 dxc3 47. Qf5 Qa7+ 48. Kg2 fxg6 49. Qf6+ Kh7 50. e6 Qb7+
51. Kh3 c2 52. e7 Qc8+ 53. Kg2 Qe8 54. Qf8 Qc6+ 55. Kf2 Qc5+
0-1

[Event "CLUB NUMERO UNO"]
[Site "SchemingMind.com"]
[Date "2008.06.04"]
[Round "-"]
[White "megapixel"]
[Black "CenturyBugs"]
[Result "1-0"]
[WhiteCountry "ENG"]
[BlackCountry "ENG"]
[WhiteElo "1950"]
[WhiteRD "82"]
[BlackElo "1922"]
[BlackRD "70"]
[GameID "157536"]

1. Nf3 d5 2. c4 d4 3. g3 Nc6 4. Bg2 e5 5. d3 Nf6 6. O-O Be7 7. b4 Bxb4 8. Nxe5 Nxe5 9. Qa4+ Nc6 10. Bxc6+ bxc6
11. Qxb4 Bh3 12. Re1 Qb8 13. Qc5 Qd8 14. Qxc6+ Kf8 15. Bg5 Rc8 16. Bxf6 Qxf6 17. Qxf6 gxf6 18. Nd2 Rb8 19. Rab1 Kg7 20. Nb3 Rhd8
21. Na5 Rb6 22. Rxb6 axb6 23. Nc6 Ra8 24. Ra1 Re8 25. Re1 Ra8 26. a4 Rxa4 27. Nxd4 Ra2 28. f4 Bg4 29. Kf2 Kg6 30. Nf3 Bd7
31. Rd1 Ra8 32. Rd2 Kf5 33. e4+ Kg4 34. Ng1 Bc6 35. h3+ Kh5 36. Nf3 Bd7 37. f5 Ra3 38. Nh2 Kh6 39. Nf3 Kh5 40. Ke2 Be8
41. Ne1 Ba4 42. Nc2 Rb3 43. Ne3 c6 44. d4 Rb1 45. d5 cxd5 46. exd5 Rh1 47. h4 Rh2+ 48. Kd3 Rh3 49. Rg2 Bd7 50. Kd4 Bc8=
51. Rb2 Rxg3= 52. Rxb6 Kxh4= 53. Rxf6 Rg7 54. Rh6+ Kg5 55. Rh1 Kf6 56. d6 Bd7 57. Rh5 Rg1 58. Rxh7 Bxf5 59. Nxf5 Kxf5 60. Kd5 Kf6
61. Kc6 Rd1 62. Rh6+ Kg7 63. Rh2 f5 64. d7 Kf7 65. Kc7 Ke7 66. Re2+ Kf7 67. d8=Q Rxd8 68. Kxd8 f4 69. c5 f3 70. Rf2 Ke6
71. c6 Kd5 72. c7 Ke4 73. c8=Q Ke3 74. Qc2 Kf4 75. Qe2 Kg5 76. Qxf3 Kg6 77. Qg3+ Kh5 78. Rh2#
1-0

[Event "CLUB NUMERO UNO"]
[Site "SchemingMind.com"]
[Date "2008.06.05"]
[Round "-"]
[White "megapixel"]
[Black "JOZIN Z BAZIN"]
[Result "1-0"]
[WhiteCountry "ENG"]
[BlackCountry "POL"]
[WhiteElo "1908"]
[WhiteRD "76"]
[BlackElo "1544"]
[BlackRD "60"]
[GameID "157537"]

1. Nf3 Nf6 2. c4 b6 3. Nc3 Bb7 4. e3 e6 5. Be2 Bb4 6. O-O Bxc3 7. bxc3 d5 8. cxd5 Bxd5 9. Ba3 c5 10. d4 c4
11. Ne5 b5 12. f3 Nbd7 13. e4 Bb7 14. Nxd7 Nxd7 15. e5 Bd5 16. f4 Qh4 17. Bf3
1-0

[Event "CLUB NUMERO UNO"]
[Site "SchemingMind.com"]
[Date "2008.06.07"]
[Round "-"]
[White "jp781"]
[Black "megapixel"]
[Result "0-1"]
[WhiteCountry "USA"]
[BlackCountry "ENG"]
[WhiteElo "1790"]
[WhiteRD "80"]
[BlackElo "1938"]
[BlackRD "78"]
[GameID "157538"]

1. d4 Nf6 2. c4 g6 3. Nc3 Bg7 4. e4 d6 5. Be2 O-O 6. Nf3 e5 7. O-O exd4 8. Nxd4 Re8 9. Qc2 Nc6 10. Nxc6 bxc6
11. Bg5 h6 12. Bh4 g5 13. Bg3 Bg4 14. Bd3 Nh5 15. h3 Nxg3 16. fxg3 Bh5 17. g4 Bg6 18. Rae1 Bd4+ 19. Kh1 Qd7 20. Ne2 Be5
21. b3 Re6 22. c5 Kg7 23. Rd1 d5 24. Bc4 Rf6 25. Bd3 Rxf1+ 26. Rxf1 Re8 27. b4 dxe4 28. Bxe4 Bxe4 29. Qxe4 Qd5 30. Ng3 Qxe4
31. Nxe4 Bf4 32. Nf2 Re3 33. Nd1 Rd3 34. Re1 Bg3 35. Rf1 Kg6 36. Nb2 Rd2 37. Nc4 Rxa2 38. Na5 h5 39. gxh5+ Kxh5 40. Nxc6 f5
41. Nd4 f4 42. Nf5 Rb2 43. Ng7+ Kg6 44. Ne6 Rxb4 45. Nxc7 Rc4
0-1

[Event "CLUB NUMERO UNO"]
[Site "SchemingMind.com"]
[Date "2008.06.03"]
[Round "-"]
[White "smothered mate"]
[Black "megapixel"]
[Result "1-0"]
[WhiteCountry "POL"]
[BlackCountry "ENG"]
[WhiteElo "1926"]
[WhiteRD "48"]
[BlackElo "1938"]
[BlackRD "80"]
[GameID "157539"]

1. d4 Nf6 2. c4 g6 3. Nc3 Bg7 4. Nf3 d6 5. e4 O-O 6. Be2 e5 7. d5 a5 8. O-O Na6 9. Be3 Ng4 10. Bd2 f5
11. Ne1 Nf6 12. f3 f4 13. Nd3 b6 14. Rb1 g5 15. a3 Bd7 16. b4 axb4 17. axb4 Qc8 18. Be1 Nb8 19. Qb3 g4 20. c5 bxc5
21. bxc5 gxf3 22. Bxf3 Bg4 23. c6 Qa6 24. Nb4 Qa3 25. Qxa3
1-0

[Event "CLUB NUMERO UNO"]
[Site "SchemingMind.com"]
[Date "2008.06.03"]
[Round "-"]
[White "CenturyBugs"]
[Black "megapixel"]
[Result "0-1"]
[WhiteCountry "ENG"]
[BlackCountry "ENG"]
[WhiteElo "2063"]
[WhiteRD "70"]
[BlackElo "1926"]
[BlackRD "75"]
[GameID "157540"]

1. e4 c6 2. Nf3 d5 3. Nc3 Bg4 4. h3 Bxf3 5. Qxf3 Nf6 6. d3 e6 7. Be2 Nbd7 8. Bg5 Be7 9. Be3 O-O 10. Qg3 Rc8
11. e5 Ne8 12. O-O f5 13. Bh5 Bh4 14. Qf4 h6 15. Bxa7 b6 16. Bxe8 Rxe8 17. Rae1 Bg5 18. Qa4 Bd2 19. Re3 Bxe3 20. fxe3 Qc7
21. d4 Ra8 22. Bxb6 Qxb6 23. Qb3 Qxb3 24. cxb3 Rec8 25. Na4 Kf7 26. g4 g6 27. Kg2 c5 28. dxc5 Rxa4 29. bxa4 Rxc5 30. Rf2 Nxe5
31. Kg3 Ke7 32. gxf5 exf5 33. Re2 Kd6 34. Kg2 Nc6 35. Rd2 Ke5 36. Kf3 d4 37. exd4+ Nxd4+ 38. Kf2 Rc2 39. Rxc2 Nxc2 40. a3 f4
41. a5 Kd6 42. a4 Kc6 43. h4 Kb7 44. Kf3 g5 45. hxg5 hxg5 46. Kg4 Ka6 47. Kf3 Kxa5 48. b3 Nd4+ 49. Kg4 Nxb3 50. Kf3 Kxa4
51. Kg4 Kb4 52. Kf3 Kc4 53. Kg4 Nd2 54. Kxg5 f3 55. Kf4 f2 56. Kg3 f1=Q 57. Kh2 Qf8 58. Kg3 Kd4 59. Kg4 Ke4 60. Kh3 Qg8
61. Kh4 Kf4 62. Kh5 Qg5#
0-1

[Event "CLUB NUMERO UNO"]
[Site "SchemingMind.com"]
[Date "2008.06.05"]
[Round "-"]
[White "JOZIN Z BAZIN"]
[Black "megapixel"]
[Result "0-1"]
[WhiteCountry "POL"]
[BlackCountry "ENG"]
[WhiteElo "1544"]
[WhiteRD "60"]
[BlackElo "1908"]
[BlackRD "76"]
[GameID "157541"]

1. Nf3 Nf6 2. g3 g6 3. Bg2 Bg7 4. d3 d6 5. Bg5 O-O 6. Nc3 Nbd7 7. e4 c6 8. O-O Qe8 9. d4 e5 10. Bxf6 Bxf6
11. d5 Be7 12. Qd2 Kg7 13. h4 a5
0-1

[Event "CLUB NUMERO UNO"]
[Site "SchemingMind.com"]
[Date "2008.06.08"]
[Round "-"]
[White "calidore"]
[Black "jp781"]
[Result "1-0"]
[WhiteCountry "ISR"]
[BlackCountry "USA"]
[WhiteElo "1868"]
[WhiteRD "55"]
[BlackElo "1874"]
[BlackRD "77"]
[GameID "157635"]

1. e4 c5 2. c3 d6 3. d4 Nf6 4. Bd3 cxd4 5. cxd4 e6 6. Nf3 Nc6 7. Nc3 Be7 8. O-O O-O 9. Bf4 Nh5 10. Be3 Nf6
11. Rc1 Bd7 12. h3 Nb4 13. Bb1 Rc8 14. a3 Nc6 15. Qd3 a6 16. e5 g6 17. exf6 Bxf6 18. Ne4 Be7 19. Rfd1 d5 20. Nc5 Bxc5
21. Rxc5 b6 22. Rcc1 b5 23. Bh6 Re8 24. Qe3 f6 25. Bf4 Na5 26. Bd3 Nb3 27. Rxc8 Qxc8 28. Bxg6 hxg6 29. Qxb3 g5 30. Rc1 Qd8
31. Bg3 Qe7 32. Nh2 Rc8 33. Rxc8+ Bxc8 34. Qc3 Bb7 35. Qc7 Qxc7 36. Bxc7 Kf7 37. Ng4 Kg6 38. Bd8 Kf5 39. Bxf6 Ke4 40. Kf1 a5
41. Ke2 b4 42. Ne3 Ba6+ 43. Kd2 bxa3 44. bxa3 a4 45. f3+ Kf4 46. Be5#
1-0

[Event "CLUB NUMERO UNO"]
[Site "SchemingMind.com"]
[Date "2008.06.08"]
[Round "-"]
[White "calidore"]
[Black "megapixel"]
[Result "1/2-1/2"]
[WhiteCountry "ISR"]
[BlackCountry "ENG"]
[WhiteElo "1867"]
[WhiteRD "47"]
[BlackElo "1938"]
[BlackRD "80"]
[GameID "157636"]

1. e4 c6 2. d4 d5 3. exd5 cxd5 4. c3 Nc6 5. Bd3 Qc7 6. Nf3 Bg4 7. h3 Bxf3 8. Qxf3 e6 9. Bf4 Bd6 10. Bxd6 Qxd6
11. O-O Nf6 12. Nd2 a6 13. Rfe1 O-O 14. Nf1 Rab8 15. Ne3 b5 16. Ng4 Nxg4 17. Qxg4 b4 18. Re3 bxc3 19. bxc3 a5 20. Rg3 g6
21. h4 Rb2 22. h5 e5 23. hxg6 fxg6 24. Bxg6 hxg6 25. Qxg6+ Qxg6 26. Rxg6+= Kh7 27. Rxc6 Rfxf2 28. dxe5 Rxg2+ 29. Kh1 Rh2+ 30. Kg1=
1/2-1/2

[Event "CLUB NUMERO UNO"]
[Site "SchemingMind.com"]
[Date "2008.06.08"]
[Round "-"]
[White "calidore"]
[Black "smothered mate"]
[Result "0-1"]
[WhiteCountry "ISR"]
[BlackCountry "POL"]
[WhiteElo "1867"]
[WhiteRD "47"]
[BlackElo "1926"]
[BlackRD "48"]
[GameID "157637"]

1. e4 c5 2. c3 Nf6 3. e5 Nd5 4. d4 Qc7 5. Nf3 cxd4 6. cxd4 Nc6 7. Nc3 Nxc3 8. bxc3 e6 9. Bd3 d6 10. Bf4 dxe5
11. Bg3 Bd6 12. dxe5 Nxe5 13. Nxe5 Bxe5 14. Bb5+ Ke7 15. O-O Rd8 16. Bxe5 Qxe5 17. Qg4 Qxb5 18. Qxg7 Qf5 19. Rfe1 Bd7 20. Re3 Rg8
21. Qd4 Bc6 22. g3 Qd5 23. Qxd5 Bxd5 24. a3 Rac8 25. Rd1 Rc4 26. Rxd5 Rgc8 27. Rb5 b6 28. Rb3= R8c7 29. f4 Kd6 30. Kf2 f6
31. Kf3 h5 32. h3 e5 33. fxe5+ fxe5 34. g4 Rf7+ 35. Kg3 hxg4 36. hxg4 Rg7 37. Rb4 Rgxg4+ 38. Kf3 Rgf4+ 39. Ke2 Rxb4 40. cxb4 Kd5
41. Kd3 Rf3 42. Rxf3 e4+ 43. Ke3 exf3 44. Kxf3 Kc4 45. Ke4 Kb3 46. Kd4 Kxa3 47. Kc4 Ka4 48. b5 Ka5
0-1

[Event "CLUB NUMERO UNO"]
[Site "SchemingMind.com"]
[Date "2008.06.08"]
[Round "-"]
[White "calidore"]
[Black "CenturyBugs"]
[Result "0-1"]
[WhiteCountry "ISR"]
[BlackCountry "ENG"]
[WhiteElo "1867"]
[WhiteRD "47"]
[BlackElo "2088"]
[BlackRD "67"]
[GameID "157638"]

1. e4 e5 2. Nf3 Nc6 3. Bc4 Bc5 4. b4 Bxb4 5. c3 Ba5 6. d4 d6 7. O-O Nf6 8. dxe5 Nxe4 9. Bxf7+ Kxf7 10. Qd5+ Be6
11. Qxe4 h6 12. exd6 Qxd6 13. Ba3 Qd8 14. Nbd2 Bxc3 15. Rad1 Qc8 16. Nh4 Bf6 17. Qg6+ Kg8 18. Ndf3 Bxa2 19. Rfe1 Bb3 20. Rc1 Qd7
21. Nf5 Bf7 22. Qg4 Rd8 23. N3h4 Kh7 24. Rcd1 Rhe8 25. Rf1 Qe6 26. Rxd8 Rxd8 27. Qf3 g6 28. Nxh6 Kxh6 29. Bc1+ Kg7 30. Qf4 Kg8
31. Nf3 Rd7 32. Ng5 Qd6 33. Qh4 Bd5
0-1

[Event "CLUB NUMERO UNO"]
[Site "SchemingMind.com"]
[Date "2008.06.09"]
[Round "-"]
[White "calidore"]
[Black "JOZIN Z BAZIN"]
[Result "1-0"]
[WhiteCountry "ISR"]
[BlackCountry "POL"]
[WhiteElo "1867"]
[WhiteRD "47"]
[BlackElo "1592"]
[BlackRD "62"]
[GameID "157639"]

1. e4 e5 2. Nf3 Nf6 3. Bc4 d6 4. Ng5 d5 5. exd5 Nxd5 6. Nxf7 Kxf7 7. Qf3+ Ke6 8. Nc3 c6 9. d4 Qd6 10. O-O Be7
11. Re1 Bf6 12. dxe5 Bxe5 13. Bf4 Nd7 14. Rad1 b5 15. Nxb5 cxb5 16. Bxd5+ Ke7 17. Bxa8 Qf6 18. Qg3 h6 19. Rxd7+ Bxd7 20. Bxe5 Qf7
21. Bxg7+ Be6 22. Qc7+ Ke8 23. Bc6+
1-0

[Event "CLUB NUMERO UNO"]
[Site "SchemingMind.com"]
[Date "2008.06.08"]
[Round "-"]
[White "jp781"]
[Black "calidore"]
[Result "0-1"]
[WhiteCountry "USA"]
[BlackCountry "ISR"]
[WhiteElo "1874"]
[WhiteRD "77"]
[BlackElo "1868"]
[BlackRD "55"]
[GameID "157640"]

1. d4 Nf6 2. c4 e6 3. Nc3 d5 4. cxd5 exd5 5. Bg5 Be7 6. e3 O-O 7. Qc2 Nc6 8. Bd3 Nb4 9. Qd2 Nxd3+ 10. Qxd3 c6
11. Nf3 Re8 12. O-O h6 13. Bh4 Bg4 14. Ne5 Be6 15. f4 Qb6 16. Na4 Qa5 17. b3 Ne4 18. Bxe7 Rxe7 19. Rfc1 Qd2 20. Nc5 Qxd3=
21. Nexd3 Bf5 22. Ne5 f6 23. Nf3 Nxc5 24. Rxc5 Rxe3 25. Nh4 Bh7 26. f5 Re4 27. g3 Rxd4 28. Re1 Kf7 29. h3 Re8 30. Rxe8 Kxe8
31. Rc3 Rd1+ 32. Kf2 Rd2+ 33. Kf3 Rxa2 34. g4 a5 35. Ng2 Bg8 36. Re3+ Kd7 37. Nf4 Bf7 38. h4 Ra3 39. Ne6 Bxe6 40. fxe6+ Ke7
41. Kf4 a4 42. bxa4 Rxe3 43. Kxe3 Kxe6 44. Kd4 Kd6 45. a5 c5+
0-1

[Event "CLUB NUMERO UNO"]
[Site "SchemingMind.com"]
[Date "2008.06.04"]
[Round "-"]
[White "megapixel"]
[Black "calidore"]
[Result "1/2-1/2"]
[WhiteCountry "ENG"]
[BlackCountry "ISR"]
[WhiteElo "1908"]
[WhiteRD "76"]
[BlackElo "1874"]
[BlackRD "50"]
[GameID "157641"]

1. Nf3 Nf6 2. c4 e6 3. Nc3 b6 4. d4 Bb7 5. a3 d5 6. cxd5 Nxd5 7. e3 Be7 8. Bc4 O-O 9. O-O Bf6 10. Nxd5 Bxd5
11. Bxd5 exd5 12. b4 c5 13. Bb2 Qe7 14. Qd2 Nc6 15. bxc5 bxc5 16. dxc5 Bxb2 17. Qxb2 Qxc5 18. Rac1 Qd6 19. Qb7 Ne5= 20. Nxe5 Qxe5
21. Rfd1 Rfd8 22. Rd4 h6 23. Rcd1 Qe6 24. Rxd5 Rdb8 25. Qd7 Qxd7 26. Rxd7 Rb3 27. R7d3 Rab8 28. g3 a5 29. Rd8+ Rxd8 30. Rxd8+ Kh7
31. a4 Ra3 32. Rd4 g6 33. h4 Kg7 34. Kg2 Kf6 35. e4 Ke5 36. Rd5+ Kxe4 37. Rxa5 Ra2 38. Ra7 f6 39. a5 g5 40. Rh7 gxh4
41. gxh4 Rxa5 42. Rxh6 Rf5 43. Rg6 Rh5 44. Kg3 Kf5 45. Rg4 Rh8= 46. Kf3 Ra8 47. Rf4+ Ke5 48. h5 Rh8 49. Rh4 Kf5 50. Rh2 Rh6
51. Kg3 Kg5 52. f4+ Kf5 53. Kf3 Rh8 54. h6 Kg6= 55. h7 Rxh7 56. Rxh7 Kxh7 57. Ke4 Kg6 58. Kf3 Kh5 59. Kg3 f5 60. Kh3 Kg6
61. Kh4=
1/2-1/2

[Event "CLUB NUMERO UNO"]
[Site "SchemingMind.com"]
[Date "2008.06.03"]
[Round "-"]
[White "smothered mate"]
[Black "calidore"]
[Result "0-1"]
[WhiteCountry "POL"]
[BlackCountry "ISR"]
[WhiteElo "1927"]
[WhiteRD "49"]
[BlackElo "1899"]
[BlackRD "53"]
[GameID "157642"]

1. d4 Nf6 2. c4 e6 3. a3 d5 4. Nc3 c5 5. e3 Nc6 6. dxc5 Bxc5 7. b4 Bd6 8. c5 Be7 9. Bb2 a6 10. Nf3 O-O
11. Bd3 b6 12. Nd4 Nxd4 13. exd4 bxc5 14. dxc5 e5 15. Bc2 Bb7 16. O-O d4 17. Na4 Nd5 18. Re1 Nf4 19. Nb6 Nxg2 20. Rxe5 Bf6
21. Qd3 g6 22. Rh5 Nf4 23. Qc4 Nxh5 24. c6 Qxb6
0-1

[Event "CLUB NUMERO UNO"]
[Site "SchemingMind.com"]
[Date "2008.06.03"]
[Round "-"]
[White "CenturyBugs"]
[Black "calidore"]
[Result "1-0"]
[WhiteCountry "ENG"]
[BlackCountry "ISR"]
[WhiteElo "2062"]
[WhiteRD "78"]
[BlackElo "1899"]
[BlackRD "53"]
[GameID "157643"]

1. e4 Nf6 2. Nc3 d5 3. exd5 Nxd5 4. Bc4 Nb6 5. Bb3 Nc6 6. Nf3 Nd4 7. Nxd4 Qxd4 8. d3 Bg4 9. Be3 Qxe3+ 10. fxe3 Bxd1
11. Kxd1 e6= 12. Rf1 Bd6 13. h4 O-O 14. Nb5 a6 15. Nxd6 cxd6 16. Ke2 a5 17. c4 Rac8 18. Rac1 Nd7 19. d4 b6 20. Ba4 h6
21. Bxd7
1-0

[Event "CLUB NUMERO UNO"]
[Site "SchemingMind.com"]
[Date "2008.06.05"]
[Round "-"]
[White "JOZIN Z BAZIN"]
[Black "calidore"]
[Result "0-1"]
[WhiteCountry "POL"]
[BlackCountry "ISR"]
[WhiteElo "1544"]
[WhiteRD "60"]
[BlackElo "1874"]
[BlackRD "50"]
[GameID "157644"]

1. Nf3 Nf6 2. g3 d5 3. d4 Bf5 4. Bf4 e6 5. Bg5 Be7 6. h3 h6 7. Bxf6 Bxf6 8. e3 c6 9. b4 O-O 10. Bd3 Bxd3
11. Qxd3 Qe7 12. a3 Nd7 13. Nbd2 e5 14. O-O e4 15. Nxe4 dxe4 16. Qe2 exf3 17. Qxf3 Rfe8 18. Rae1 Qe4 19. Qxe4 Rxe4 20. c4 Rae8
21. a4 Bxd4 22. Rd1 Ne5 23. exd4 Rxd4 24. Rxd4 Nf3+ 25. Kg2 Nxd4 26. Rd1 Rd8 27. f4 Ne6 28. Rc1 Rd2+ 29. Kg1 Nd4 30. Kf1 Rc2
31. Rxc2 Nxc2 32. b5 Ne3+ 33. Ke2 Nxc4 34. bxc6 bxc6
0-1